Keyboard Quiz Stats

 Plays Quiz not verified by Sporcle

Also try: Code Cracker! IV
Challenge
Share
Tweet
Embed
Score 0/5 Timer 04:00
0 Plays Today
% Correct
Mars
93.8%
Earth
93.8%
Polk
65.6%
Qatar
62.5%
Greece
31.3%

You're not logged in!

Compare scores with friends on all Sporcle quizzes.
Join for Free
OR
Log In

You Might Also Like...

Show Comments

Extras

Top Quizzes Today


Score Distribution

Your Account Isn't Verified!

In order to create a playlist on Sporcle, you need to verify the email address you used during registration. Go to your Sporcle Settings to finish the process.

Report this User

Report this user for behavior that violates our Community Guidelines.

Details: